| 000 | 00923nac a22003011i 4500 | ||
|---|---|---|---|
| 003 | EG-ScBUE | ||
| 005 | 20250702090848.0 | ||
| 008 | 250630t1994 nyua f d 001 0 eng d | ||
| 020 | _a0471020192 | ||
| 020 | _a9780471020196 | ||
| 040 |
_aEG-ScBUE _beng _erda _cEG-ScBUE _dEG-ScBUE |
||
| 082 | 0 | 4 |
_a540 _bMAL _222 |
| 100 | 1 |
_aMalone, Leo J., _d1938- _eauthor. |
|
| 245 | 1 | 0 |
_aBasic concepts of chemistry / _cLeo J. Malone, Saint Louis University. |
| 250 | _aFourth edition. | ||
| 264 | 1 |
_aNew York : _bWiley & Sons, INC., _c[1994] |
|
| 264 | 4 | _cc1994 | |
| 300 |
_axvi, 684 pages : _billustrations (some color) ; _c26 cm |
||
| 336 |
_2rdacontent _atext _btxt |
||
| 337 |
_aunmediated _2rdamedia _bn |
||
| 338 |
_avolume _bnc _2rdacarrier |
||
| 500 | _aIncludes index. | ||
| 500 | _aIncludes Appendices. | ||
| 500 | _aIncludes glossary. | ||
| 650 | 7 |
_aChemistry. _2BUEsh |
|
| 655 | _vReading book | ||
| 942 |
_cBB _2ddc |
||
| 999 |
_c4069 _d4069 |
||